Překvapení? Jen to ne! / Miriam Bos
Record details
- ISBN: 978-80-262-2205-7
- Physical Description: 26 nečíslovaných stran : barevné ilustrace ; 29 cm
- Edition: Vydání první
- Publisher: Praha : Portál, 2024
Content descriptions
| General Note: | Z nizozemštiny přeložila Radka Smejkalová |
Search for related items by subject
| Genre: | nizozemské příběhy publikace pro děti Dutch stories children's literature |
Available copies
- 1 of 1 copy available at Common Catalog SPOK.
Holds
- 0 current holds with 1 total copy.
Show Only Available Copies
| Location | Call Number / Copy Notes | Barcode | Shelving Location | Status | Due Date |
|---|---|---|---|---|---|
| Jabok Library | BL-4.1/B | 424480046819 | Odborná literatura | Available | - |
| LDR | 01430cam a2200421 i 4500 | ||
|---|---|---|---|
| 001 | 58216 | ||
| 003 | CZ-PrJAB | ||
| 005 | 20241113094841.0 | ||
| 007 | ta | ||
| 008 | 240815s2024 xr a a 000 j cze d | ||
| 015 | . | ‡acnb003628677 | |
| 020 | . | ‡a978-80-262-2205-7 ‡q(vázáno) | |
| 035 | . | ‡a(CZ PrNK)nkc20243628677 | |
| 040 | . | ‡aKLG001 ‡bcze ‡dOLA001 ‡erda | |
| 041 | 1 | . | ‡acze ‡hdut |
| 072 | 7. | ‡a821.11 ‡xGermánské literatury ‡2Konspekt ‡925 | |
| 072 | 7. | ‡a821-93 ‡xLiteratura pro děti a mládež (beletrie) ‡2Konspekt ‡926 | |
| 080 | . | ‡a821.112.5-32 ‡2MRF | |
| 080 | . | ‡a821-93 ‡2MRF | |
| 080 | . | ‡a(0:82-32) ‡2MRF | |
| 100 | 1 | . | ‡aBos, Miriam ‡7mzk2017971785 ‡4aut |
| 240 | 1 | 0. | ‡aHelp! Een verrassing!. ‡lČesky |
| 245 | 1 | 0. | ‡aPřekvapení? Jen to ne! / ‡cMiriam Bos |
| 250 | . | ‡aVydání první | |
| 264 | 1. | ‡aPraha : ‡bPortál, ‡c2024 | |
| 300 | . | ‡a26 nečíslovaných stran : ‡bbarevné ilustrace ; ‡c29 cm | |
| 336 | . | ‡atext ‡btxt ‡2rdacontent | |
| 336 | . | ‡astatický obraz ‡bsti ‡2rdacontent | |
| 337 | . | ‡abez média ‡bn ‡2rdamedia | |
| 338 | . | ‡asvazek ‡bnc ‡2rdacarrier | |
| 500 | . | ‡aZ nizozemštiny přeložila Radka Smejkalová | |
| 655 | 7. | ‡anizozemské příběhy ‡7fd183159 ‡2czenas | |
| 655 | 7. | ‡apublikace pro děti ‡7fd133156 ‡2czenas | |
| 655 | 9. | ‡aDutch stories ‡2eczenas | |
| 655 | 9. | ‡achildren's literature ‡2eczenas | |
| 700 | 1 | . | ‡aSmejkalová, Radka, ‡d1973- ‡7kv2016914621 ‡4trl |
| 910 | . | ‡aABG312 | |
| 995 | . | ‡aska | |
| 901 | . | ‡a58216 ‡bAUTOGEN ‡c58216 ‡tbiblio | |